000 06365cam a22018854i 4500
003 PE-LiUPU
005 20250813165531.0
008 181107s2016 ck a rb 001 0 spa d
020 _a9588443687
020 _a9789588443683
035 _a(Sirsi) a250599
040 _aPE-LiUPU
_bspa
_cPE-LiUPU
_erda
049 _aPRUA
082 0 4 _a658.159
_bM19
_220
100 1 _aMalagón-Londoño, Gustavo
_eautor.
245 1 0 _aGerencia hospitalaria :
_bpara una administración efectiva /
_cGustavo Malagón-Londoño, Gabriel Pontón Laverde, Jairo Reynales Londoño.
250 _a4.a edición.
264 1 _aBogotá :
_bEditorial Médica Panamericana,
_c2016.
300 _axx, 688 páginas :
_bilustraciones ;
_c24 centímetros
336 _atext
_2rdacontent
337 _aunmediated
_2rdamedia
338 _avolume
_2rdacarrier
504 _aBibliografía al final de cada capítulo.
504 _aÍndice : páginas 649-688.
505 0 _aLa institución hospitalaria -- Generalidades sobre gerencia hospitalaria -- Responsabilidad gerencial -- El desarrollo empresarial hospitalario -- La responsabilidad ética del hospital -- Planeación estratégica en hospital -- Organización estructural y funcional hospitalaria -- Administración del talento humano -- La estructura física del hospital -- El ambiente del hospital -- Mantenimiento y medio ambiente hospitalario -- Hospitales verdes -- Funcionamiento, auditoría y gestión hospitalaria -- Ingeniería clínica y gestión de la tecnológica hospitalaria -- Gestión administrativa, económica y financiera -- Gestión logística --La identificación estándar de los datos en salud (codificación, clasificación, denominación, descripción) como base para el manejo de la información y de los sistemas de información hospitalarios -- Sistema de información hospitalario - Avances en sistemas de información Hospitalaria -- Indicadores de gestión y funcionamiento hospitalario -- Gestión de riesgos hospitalarios -- Evaluaciones económicas en las organizaciones hospitalarias -- Evaluación integral de los servicios de salud y educación - Conceptualización del Modelo C-DOPRI -- Monitoreo, evaluación y control de la gestión hospitalaria -- Fundamentos de la auditoría y el control interno -- Gestión Hospitalaria -- Asistencia, docencia e investigación en el hospital -- Guías de manejo diagnóstico y terapéutico - Enfoque por síndromes -- Promoción de la salud y prevención en el ámbito hospitalario -- La Medicina Familiar y el Hospital: entre el poder y el discernimiento -- Papel de la Enfermera en el Hospital -- La Infección Nosocomial -- Riesgos ocupacionales en hospitales -- Seguridad del paciente en el sistema sanitario -- Educación continuada en el Hospital - Un deber moral para garantizar la calidad del servicio -- La docencia en el Hospital -- Acreditación Hospitalaria -- La Investigación en Hospitales y servicios de salud -- La responsabilidad médica en los campos penal, civil contractual y extracontractual en el hospital.
526 _aP203
526 _aP200
526 _aSEG65
526 _aSEG64
526 _aSEG63
526 _aSEG62
526 _aSEG61
526 _aSEG60
526 _aSEG59
526 _aSEG58
526 _aSEG57
526 _aSEG56
526 _aSEG55
526 _aSEG54
526 _aSEG53
526 _aSEG52
526 _aSEG51
526 _aSEG50
526 _aSEG49
526 _aSEG48
526 _aSEG47
526 _aSEG46
526 _aSEG24
526 _aSEG23
526 _aSEG22
526 _aSEG21
526 _aSEG20
526 _aSEG19
526 _aSEG18
526 _aSEG17
526 _aSEG16
526 _aSEG14
526 _aSEG13
526 _aSEG12
526 _aSEG11
526 _aSEG10
526 _aSEG09
526 _aSEG06
526 _aSEG05
526 _aSEG04
526 _aSEG03
526 _aSEG02
526 _aSEG68
526 _aSEG66
526 _aSEG45
526 _aSEG25
526 _aSEG01
526 _aP163
526 _aP162
526 _aP161
526 _aP160
526 _aP159
526 _aP158
526 _aP157
526 _aP156
526 _aP155
526 _aP154
526 _aP153
526 _aP152
526 _aP151
526 _aP150
526 _aP149
526 _aP142
526 _aP141
526 _aP140
526 _aP139
526 _aP138
526 _aP137
526 _aP132
526 _aP131
526 _aP130
526 _aP126
526 _aP125
526 _aP124
526 _aP123
526 _aP115
526 _aP122
526 _aP121
526 _aP116
526 _a P114
526 _aP112
526 _aP111
526 _aP104
526 _aP103
526 _aP102
526 _aP101
526 _aP100
526 _aP96
526 _aP95
526 _aP93
526 _aP92
526 _aP91
526 _aP88
526 _aP83
526 _aP82
526 _aP79
526 _aP78
526 _aP75
526 _aP74
526 _aP71
526 _aP69
526 _a P51
526 _aP49
526 _aP48
526 _aP47
526 _aP33
526 _aP31
526 _a P30
526 _aP29
526 _aP27
526 _aP26
526 _aP25
526 _aP24
526 _a P22
526 _aP10
526 _aP09
526 _a P08
526 _aP06
526 _aP05
526 _aP04
526 _aP01
541 _g001-000585;
650 0 4 _aAdministración hospitalaria.
650 0 4 _aAdministración de servicios de salud.
650 0 4 _aPlanificación de la salud.
_9207
650 0 4 _aHospitales--Control de calidad.
700 1 _aPontón Laverde, Gabriel,
_eautor.
700 1 _aReynales Londoño, Jairo,
_eautor.
910 _adbm
_bncf
_cncf
_d20181107
942 _2ddc
_cBOOK
994 _aC0
_bPEPRU
598 _aCATALOGING
596 _a1
999 _a658.159 M19
_wDEWEY
_c30083
_i79326
_d30083
_e2019-1-24
_f2021-11-4
_g4
_lCCODEBUL1
_mBUL
_n1
_p62.47
_r0
_sY
_tBOOK
_u2018-11-7
_xSALUD
_zP69
_0COMPRA
_1FCOMPR2
_o.STAFF. Colección Ciencias de la Salud
980 _81
_gALBERTO SANCHEZ Responsable de Automatización